000 00700nam a22002057a 4500
005 20170711161528.0
010 _aENG-119156
020 _c499.00
_a9789382524229
035 _aEN-102688
037 _bDBAD/PUB
082 _a338.272806054
100 _aRath,Satchidananda
245 _aBreaking barriers :
_cby Satchidananda Rath [and] Prakash Deka
_btransforming oil India limited into a learning organization /
260 _aNew Delhi
_bThe Book Line
_c2015
270 _a106,4787/23,Ist Floor,Ansari Road
_bNew Delhi
_e110002
300 _axvi,191p. :
_c22cm(pbk)
_bill.
500 _aIncludes references
700 _aDeka,Prakash
942 _2ddc
_cEN
_h338.272806054
_mSAT
999 _c142441
_d142441